| 000 | 00343nam a2200133Ia 4500 | ||
|---|---|---|---|
| 005 | 20260326100033.0 | ||
| 008 | 260326s9999||||xx |||||||||||||| ||und|| | ||
| 100 | _aChild Williamsom, Harry | ||
| 245 | 0 |
_aDiseño en Colombia 2 / _cHarry Child Williamsom |
|
| 260 | _bProdiseño | ||
| 300 | _a255 p. | ||
| 650 | _aDISEÑO INDUSTRIAL | ||
| 942 | _cBK | ||
| 999 |
_c6701 _d6701 |
||